000 00416nam a2200145Ia 4500
008 231129s2015||||xx |||||||||||||| ||spa||
020 _a978-958-775-304-2
040 _bspa
082 _a658.562 Z35c
100 _aZapata Gómez Amparo
245 0 _aCiclo de la calidad PHVA
260 _c2015
264 _aBogotá Colombia : Universidad Nacional de Colombia
942 _2ddc
_cBKS
999 _c6934
_d6934